Music Quiz

Random Music or Clickable Quiz

Album to Artist ('70s) Quiz Stats

 Plays Quiz Updated Nov 20, 2016

Challenge
Share
Tweet
Embed
Score 0/50 Timer 06:00
0 Plays Today
% Correct
John Lennon
95.8%
Eagles
92.9%
Pink Floyd
92.9%
AC|DC
88.7%
The Who
88.6%
Fleetwood Mac
87.1%
Elton John
86.8%
The Clash
85.2%
The Rolling Stones
82.7%
Paul McCartney & Wings
81.1%
Marvin Gaye
79.9%
Sex Pistols
77.6%
David Bowie
76.7%
The Doors
74.6%
Queen
73.7%
Black Sabbath
70.9%
Jethro Tull
67.9%
Supertramp
67.6%
Carole King
66.9%
Led Zeppelin
65.1%
Aerosmith
59.7%
Bob Dylan
57%
Bruce Springsteen
56%
Grand Funk Railroad
53.4%
Bob Marley and the Wailers
48.9%
% Correct
Steely Dan
47.8%
Rush
47.7%
Curtis Mayfield
47.1%
Neil Young & Crazy Horse
46.4%
The Police
45.5%
Blondie
45.3%
George Harrison
44.6%
Van Morrison
44.5%
Funkadelic
43.8%
Joni Mitchell
42.1%
Patti Smith
41.2%
Deep Purple
38.4%
Lou Reed
37.2%
Kraftwerk
35.6%
Iggy and the Stooges
32.6%
Elvis Costello
32.4%
Ramones
32.1%
Stevie Wonder
31.7%
Joy Division
31.3%
Yes
29.7%
Talking Heads
29.3%
Television
28%
Sly & the Family Stone
24.8%
The Kinks
24.5%
Bachman-Turner Overdrive
19.5%

You're not logged in!

Compare scores with friends on all Sporcle quizzes.
Join for Free
OR
Log In

You Might Also Like...

Show Comments

Extras

Top Quizzes Today


Score Distribution

Your Account Isn't Verified!

In order to create a playlist on Sporcle, you need to verify the email address you used during registration. Go to your Sporcle Settings to finish the process.

Report this User

Report this user for behavior that violates our Community Guidelines.

Details: